00000000nam##2200000za#4500
0019.642037
003CaOODSP
00520240522111843
007cr |||||||||||
008150407|2000||||xxc|||||o    f|0| 0 fre|d
040 |aCaOODSP|bfre
043 |an-cn---
0861 |aRG64-6/1-2000F-PDF
1101 |aCanada. |bBureau du Surintendant des faillites.
24510|aCode de déontologie des syndics de faillite |h[ressource électronique]
260 |aOttawa - Ontario : |bIndustrie Canada. |cc2000.
300 |a7p.
500 |aLe n° de catalogue (RG64-6/1-2000) et l'ISBN (0-662-64632-0) de l'édition imprimée bilingue ont été incorrectement copiés dans l'édition électronique.
590 |a13-15-Supp|b2013-06-24
69107|aÉthique|2gcpds
69107|aFaillite|2gcpds
77508|tCode of ethics for trustees in bankruptcy |w(CaOODSP)9.698041
7760#|tCode of ethics for trustees in bankruptcy |w(CaOODSP)9.661473
7760#|tCode de déontologie des syndics de faillite |w(CaOODSP)9.661474
85640|ahttp://publications.gc.ca|qPDF|s44 Ko|uhttps://publications.gc.ca/collections/Collection/RG64-6-1-2000F.pdf